000 00514nam a2200217Ia 4500
008 210210b1931 xxu||||| |||| 00| 0 eng d
041 _aeng
082 _a538/66
100 _aWORSNOP (B L)
245 _aAdvanced practical physics for students
260 _aLondon
_bMethuen & Co Ltd.
_c1931
300 _a659
650 _astudents
650 _apractical
650 _aphysics
650 _afor
650 _aAdvanced
690 _aMathematical Physics
700 _aFLINT (H T)
906 _a009014
999 _c127762
_d127762